000 00296nam a22001337a 4500
003 SGT
082 _a615.538
_bP13N
100 _aNALA, MAHARAJA AND TRIPATHI, INDRADEVA
245 _aPAKADARPANAM
260 _aVARANASI
_bCHAUKHAMBHA
_c2013
300 _a114
650 _aAYURVEDA
942 _2ddc
_cBK
999 _c8319
_d8319